000 01127cam a2200277 4500
001 ABS65231
008 020402n2002 000 0 eng u
035 _a(Sirsi) u117288
100 _aPottinger, G.
245 _aOccupational futures? Divesting real estate and corporate PFI
260 _c2002
490 _aProperty Management
_v20(1) 2002, 31-48(18)
520 _aExamines how the future of investment returns will be more dependent on active management geared to the needs of occupiers on whom income depends. Although occupier and investment interests looks set to coincide, argues that unlocking the potential for both will be reliant on the development of new finance and investment vehicles that serve their respective needs.
590 _aABS
650 _aSALE AND LEASEBACK
650 _aOUTSOURCING
650 _aRISK MANAGEMENT
650 _aREAL ESTATE
650 _aCORPORATE PFI
650 _aINVESTMENT VEHICLES
650 _aOCCUPIERS
690 _aPROPERTY-COMMERCIAL PROPERTY-COMMERCIAL PROPERTY FINANCE AND INVESTMENT
700 _aDixon, T.
700 _aMarston, A.
942 _n0
999 _c69873
_d69873